000 01064nam a2200313 i 4500
003 EG-GICUC
005 20260504154021.0
008 260308s1963 le ||||f |||| 00| 0 ara d
040 _a EG-GICUC
_c EG-GICUC
_d EG-GICUC
_erda
041 0 _aara
043 _aLe#
082 0 4 _221
_a345.2
_bز هـ . ت
092 0 4 _221
099 _aLaw1 07 345.2 ز هـ . ت 1963
100 0 _aزهدي يكن
_eمؤلف.
245 _aالتنظيم الإدارى :
_bنظرية المرافق و المؤسسات العامة /
_cزهدي يكن
264 _aبيروت :
_bدار الثقافة العربية،
_c1963.
300 _a303 صفحة
_c24 سم
336 _2rda content
_atext
337 _2rda media
_aComputer
338 _2rda carrier
_aOnline Resource
504 _a. 240-220 ببليوجرافيا: صفحات.
650 1 _aالتنظيم الإدارى
_2qrmak
650 1 _aالقانون الإدارى
651 1 _2qrmak
856 4 0 _uhttps://fll.law.cu.edu.eg/fulltext/bks/B07-00780.pdf
905 _a15
942 _2ddc
_cBK
_e21
_n0
999 _c65842
_d65842